Mexican Trails (Record no. 3264)

MARC details
000 -CABECERA
campo de control de longitud fija 00793nam a2200241 a 4500
001 - NÚMERO DE CONTROL
campo de control BRCA_3529
005 - FECHA Y HORA DE LA ÚLTIMA TRANSACCIÓN
campo de control 20190320204324.0
008 - DATOS DE LONGITUD FIJA--INFORMACIÓN GENERAL
campo de control de longitud fija 280709s1909----nyu#---###---#000-0#eng-#
041 ## - CÓDIGO DE LENGUA
Código de lengua del texto/banda sonora o título independiente eng
044 ## - CÓDIGO DEL PAÍS DE LA ENTIDAD EDITORA/PRODUCTORA
Código MARC del país nyu
050 #4 - SIGNATURA TOPOGRÁFICA DE LA BIBLIOTECA DEL CONGRESO
Número de clasificación F1215
Número de documento/Ítem .K57 1909
100 1# - ENTRADA PRINCIPAL--NOMBRE DE PERSONA
Nombre de persona Kirkham, Stanton Davis
9 (RLIN) 9164
245 10 - MENCIÓN DE TÍTULO
Título Mexican Trails
Resto del título A record of travel in Mexico, 1904 - 07, and a glimpse at the life of the Mexican Indian
Mención de responsabilidad, etc. by Stanton Davis Kirkham.
260 ## - PUBLICACIÓN, DISTRIBUCIÓN, ETC.
Lugar de publicación, distribución, etc. New York
Nombre del editor, distribuidor, etc. G. P. Putnam´s
Fecha de publicación, distribución, etc. 1909
300 ## - DESCRIPCIÓN FÍSICA
Extensión 293 p.
Otras características físicas il., 23 láminas
Dimensiones 20 cm.
500 ## - NOTA GENERAL
Nota general Incluye índice alfabético y lista de ilustraciones
500 ## - NOTA GENERAL
Nota general B195
650 14 - PUNTO DE ACCESO ADICIONAL DE MATERIA--TÉRMINO DE MATERIA
Término de materia o nombre geográfico como elemento de entrada Viajeros estadounidenses
9 (RLIN) 7583
650 14 - PUNTO DE ACCESO ADICIONAL DE MATERIA--TÉRMINO DE MATERIA
Término de materia o nombre geográfico como elemento de entrada Indios de México
9 (RLIN) 9165
651 #4 - PUNTO DE ACCESO ADICIONAL DE MATERIA--NOMBRE GEOGRÁFICO
Nombre geográfico México
Subdivisión general Descripción y viajes
9 (RLIN) 103
902 ## - CATALOGADOR
Iniciales GFM
942 ## - ELEMENTOS DE PUNTO DE ACCESO ADICIONAL (KOHA)
Fuente del sistema de clasificación o colocación Library of Congress Classification
Tipo de ítem Koha Libros
Holdings
Estado de retiro Estado de pérdida Estado dañado No para préstamo Localización permanente Ubicación/localización actual Fecha de adquisición Número de inventario Total de préstamos Signatura topográfica completa Código de barras Fecha visto por última vez Precio válido a partir de Tipo de ítem Koha
El ejemplar forma parte de la colección y puede ser consultado según las políticas vigentes.       Biblioteca del Museo Franz Mayer (Rogerio Casas-Alatriste) Biblioteca del Museo Franz Mayer (Rogerio Casas-Alatriste) 28/07/2009 B195   F1215 .K57 1909 (B195) 3526 22/03/2019 22/03/2019 Libros